| 000 | 01217nam a2200301 4500 | ||
|---|---|---|---|
| 001 | 0000012638 | ||
| 003 | CO-CtgCURN | ||
| 005 | 20250329191010.0 | ||
| 007 | ta | ||
| 008 | 160627s1993 000 0 eng d | ||
| 020 | _a9500603497 | ||
| 040 |
_aCO-CtgCURN _bspa _ccoctgcurn |
||
| 082 | 0 |
_a658.159 _bC87m |
|
| 100 | 1 | _aCorach, Luis. | |
| 245 | 1 | 0 |
_aManejo del hospital publico y privado / _cLuis Corach, Moises Malamud. |
| 260 |
_aBuenos Aires : _bMedica Panamericana, _c1993. |
||
| 300 | _a280 p. | ||
| 336 | _2rdacontent | ||
| 337 |
_2rdamedia _asin mediacion _bn |
||
| 338 |
_2rdacarrier _avolumen _bnc |
||
| 500 | _aIncluye indice. | ||
| 505 | 8 | _aHospital publico y privado.--Administracion de hospitales.--Gestion hospitalaria.--La gestion en el sector salud.--Organizacion del establecimiento.--La gestion de los servicios administrativos.--Los consultorios externos.--Los servicios tecnicos.--Gestion del centro quirurgico.--El costo de los medicamentos.--Servicios de anatomÃa patologica | |
| 650 | 1 | 4 | _aGestion hospitalaria. |
| 700 | 1 | _aMalamud, Moises. | |
| 908 | _a160627 | ||
| 942 |
_cBK _h658.159 _iC87m _2ddc |
||
| 999 |
_c10712 _d10712 |
||